Verbos con 4 consonantes consecutivas - Estadísticas

Estadísticas generales
  • Esta prueba ha sido intentada 37 veces
  • La puntuación promedio es 6 de 20
Estadísticas de respuestas
Conjugación Cadena Respuesta % Correcto
BSTR Abstraer
79%
NSCR Inscribir
68%
DSCR Adscribir
65%
NSTR Instruir
62%
NSTR Construir
56%
BSTR Obstruir
53%
NSGR Transgredir
38%
NSCR Transcribir
35%
NSTR Constreñir
24%
NSCR Circunscribir
18%
NSTR Reconstruir
18%
BSCR Subscribir
18%
NSTR Menstruar
15%
NSFL Transflorar
15%
NSTR Instrumentar
12%
NSCR Preinscribir
12%
NSTR Deconstruir
9%
BSTR Desobstruir
9%
NSFR Transfretar
9%
NSTR Instrumentalizar
6%
No se encontraron pruebas coincidentes
Distribución de puntuación
Porcentaje de gente con cada puntuación
Porcentaje por número respondido
Historial de tus puntuaciones
No has intentado esta prueba.